Les meilleurs dribbleurs en championnat depuis 2009 (football) - Statistiques

Statistiques générales
  • Ce quiz a été pris 64 fois
  • Le résultat moyen est 3 sur 10
Statistiques - réponses
Classement Nombre de fois "Meilleur dribbleur" Championnat Joueurs % Correct
1 9 fois LaLiga / Ligue 1 Lionel Messi
100%
3 4 fois LaLiga / Ligue 1 Neymar Jr
91%
2 7 fois Ligue 1 / Premier League Eden Hazard
58%
7 2 fois LaLiga Vinicius Jr
25%
9 2 fois Serie A Rafael Leão
19%
6 2 fois Ligue 1 / Premier League Jérémy Doku
14%
4 3 fois Ligue 1 / Premier League Allan Saint-Maximin
7%
5 3 fois Serie A Juan Cuadrado
5%
8 2 fois Bundesliga Leroy Sané
5%
10 2 fois Premier League Adama Traoré
2%
Aucun quiz correspondant
Distribution des résultats
% des personnes avec chaque résultat
Percentile par nombre de réponses
Votre historique - résultats
Vous n’avez pas pris ce quiz